Alternativas a la crisis global de la alimentación /
Gorde:
| Egile nagusia: | |
|---|---|
| Formatua: | Liburua |
| Hizkuntza: | Spanish |
| Etiketak: |
Etiketa erantsi
Etiketarik gabe, Izan zaitez lehena erregistro honi etiketa jartzen!
|
MARC
| LEADER | 00000nam a22000007a 4500 | ||
|---|---|---|---|
| 003 | cru CIDCACS/IIS | ||
| 005 | 20200925161305.0 | ||
| 007 | ta | ||
| 008 | 170324e2016 ag ||||| |||| 00| 0 spa d | ||
| 040 | |c CRAI/IIS |a CRAI/IIS | ||
| 090 | |a REV0712 (262) 2016 | ||
| 100 | 1 | |9 3723 |a Aguirre, Patricia | |
| 245 | 1 | |a Alternativas a la crisis global de la alimentación / |c Patricia Aguirre | |
| 300 | |a páginas 36-50 | ||
| 773 | 0 | |0 19022 |9 513 |a Fundación Friedrich Ebert |d Fundación Friedrich Ebert; Nueva Sociedad |o R19032 |t Nueva Sociedad / | |
| 942 | |2 ddc |c PP | ||
| 999 | |c 19058 |d 19058 | ||
